000 00682nam a2200265Ia 4500
003 OSt
005 20220918165351.0
006 a|||||r|||| 00| 0
007 ta
008 220917b |||||||| |||| 00| 0 eng d
020 _a434 18635 X (hbk)
024 _a240,298
037 _cTextual
040 _aARTS
_cARTS
_beng
041 _2eng
_aeng
082 _aO111,3N37,3, M4
100 _aDesai Anita
_913143
245 0 _aIn custody
260 _aLondon
_bHeinemann UK
_c1982
300 _a203p.
_ccm.
490 _aFYUP DC-1 ENG
650 _aENGLISH LITERATURE
942 _hO111,3N37,3, M4
_cTEXL
_2CC
999 _c129522
_d129522